Only Time - Enya - All Lyrics - Statistics

General Stats
  • This quiz has been taken 16 times
  • The average score is 95 of 123
Answer Stats
Answer % Correct
can
100%
Only
100%
say
100%
the
100%
time
100%
where
100%
Where
100%
Who
100%
who
100%
day
91%
goes?
91%
And
82%
if
82%
when
82%
flows?
73%
knows?
73%
love
73%
road
73%
your
73%
heart
64%
heart?
64%
as
55%
be
45%
grows
45%
in
45%
lies?
45%
all
36%
cries
36%
keeps
36%
chose?
27%
meet?
27%
might
27%
night
27%
Night
27%
roads
27%
sleeps,
27%
That
27%
why
27%
flies?
18%
sighs
18%
No matching quizzes found
Score Distribution
Percent of People with Each Score
Percentile by Number Answered
Your Score History
You have not taken this quiz